000 00505nmm a2200157Ia 4500
008 251105s9999||||xx |||||||||||||||||und||
020 _a9789588371184
041 _aspa
100 _aGrupo Editorial Nueva Legislación LTDA
245 0 _aEstatuto general de la contratación pública y registro único de proponentes
264 _a[Bogotá, Colombia] :
_bNueva Legislacion,
_c2010
300 _a992 páginas
650 _aLaw
856 _uhttps://public.digitaliapublishing.com/a/13619
942 _cCF
999 _c96577
_d96577